[Event "Montevideo Trebejos Primavera op"]
[Site "Montevideo"]
[Date "2022.11.07"]
[Round "4"]
[White "Sardi, Anibal"]
[Black "Vaz Lacuesta, Leonardo"]
[Result "0-1"]
[WhiteElo "1622"]
[BlackElo "2067"]
[PlyCount "72"]
[EventDate "2022.10.17"]
[EventType "swiss"]
[EventRounds "6"]
[EventCountry "URU"]
[SourceTitle "EXT 2024"]
[Source "ChessBase"]
[SourceDate "2023.10.10"]
[SourceVersion "1"]
[SourceVersionDate "2023.10.10"]
[SourceQuality "1"]

1. e4 c5 2. b4 cxb4 3. a3 e6 4. axb4 Bxb4 5. c3 Be7 6. d4 d6 7. Nf3 Nf6 8. Bd3 b6 9. 0-0 Bb7 10. Qe2 Nbd7 11. Na3 0-0 12. Re1 a6 13. Nc2 b5 14. c4 bxc4 15. Bxc4 Nxe4 16. Bxa6 Bxa6 17. Rxa6 d5 18. Bf4 Rxa6 19. Qxa6 Qc8 20. Qe2 Qc3 21. Ne3 g5 22. Nd1 Qb4 23. Be3 f5 24. Nb2 g4 25. Ne5 Nxe5 26. dxe5 Ra8 27. Nd3 Qb3 28. Nc1 Qc3 29. f3 Ra3 30. fxe4 Qxe3+ 31. Qxe3 Rxe3 32. Rxe3 Bc5 33. Kf2 f4 34. Ke2 Bxe3 35. Nb3 dxe4 36. g3 Bg1 0-1

[Event "Montevideo Trebejos Primavera op"]
[Site "Montevideo"]
[Date "2022.10.31"]
[Round "3"]
[White "Rey, Antonio"]
[Black "Sardi, Anibal"]
[Result "0-1"]
[WhiteElo "1415"]
[BlackElo "1622"]
[PlyCount "56"]
[EventDate "2022.10.17"]
[EventType "swiss"]
[EventRounds "6"]
[EventCountry "URU"]
[SourceTitle "EXT 2024"]
[Source "ChessBase"]
[SourceDate "2023.10.10"]
[SourceVersion "1"]
[SourceVersionDate "2023.10.10"]
[SourceQuality "1"]

1. c4 e5 2. g3 c6 3. Bg2 d5 4. cxd5 cxd5 5. d3 Nf6 6. Nf3 Nc6 7. 0-0 h6 8. Bd2 Be6 9. e3 Bd6 10. Nc3 Rc8 11. a3 0-0 12. Qe2 e4 13. dxe4 dxe4 14. Nd4 Nxd4 15. exd4 Bc4 16. Qe3 Bxf1 17. Rxf1 Re8 18. Nxe4 Nxe4 19. Bxe4 Bf8 20. Qf4 Bd6 21. Qg4 Qf6 22. Bc3 b6 23. Re1 Rcd8 24. h4 Re7 25. f4 Rde8 26. d5 Bc5+ 27. Kg2 Bd4 28. Bxd4 Qxd4 0-1

[Event "Montevideo Trebejos 50 Anniv op"]
[Site "Montevideo"]
[Date "2022.09.22"]
[Round "6"]
[White "Shih Ferreira, Yin Chieh"]
[Black "Sardi, Anibal"]
[Result "1-0"]
[WhiteElo "1463"]
[BlackElo "1595"]
[PlyCount "91"]
[EventDate "2022.09.17"]
[EventType "swiss"]
[EventRounds "9"]
[EventCountry "URU"]
[SourceTitle "EXT 2023"]
[Source "ChessBase"]
[SourceDate "2022.10.05"]
[SourceVersion "1"]
[SourceVersionDate "2022.10.05"]
[SourceQuality "1"]

1. d4 e6 2. e3 c5 3. c3 Nf6 4. Bd3 b6 5. Nd2 Bb7 6. Ngf3 d5 7. Ne5 Bd6 8. f4 h5 9. Qf3 Qc7 10. g4 hxg4 11. Nxg4 Nbd7 12. Ne5 Nf8 13. Qg2 Bxe5 14. fxe5 Nh5 15. Nf3 0-0-0 16. Bd2 Kb8 17. 0-0-0 c4 18. Bc2 g6 19. Rdf1 Ng7 20. Ng1 b5 21. Ne2 Nf5 22. Ng3 Nd7 23. Rfg1 Nb6 24. Nxf5 gxf5 25. h4 Qc8 26. Be1 a5 27. h5 Nd7 28. h6 f6 29. exf6 Nxf6 30. Bg3+ Ka7 31. Be5 Rdf8 32. Qh2 Rh7 33. Rg7 Ng4 34. Qf4 Nxe5 35. Rxh7 Nd7 36. Qd6 Nf6 37. Rxb7+ Kxb7 38. h7 Rh8 39. Qe7+ Qd7 40. Qxf6 Rxh7 41. Rxh7 Qxh7 42. Qxe6 Qh1+ 43. Bd1 b4 44. Qxf5 b3 45. axb3 cxb3 46. Qf3 1-0

[Event "Montevideo Miercoles Trebejos 2nd"]
[Site "Montevideo"]
[Date "2022.08.03"]
[Round "3"]
[White "Montoli, Sebastian"]
[Black "Sardi, Anibal"]
[Result "1-0"]
[WhiteElo "1857"]
[BlackElo "1600"]
[PlyCount "89"]
[EventDate "2022.07.20"]
[EventType "swiss"]
[EventRounds "6"]
[EventCountry "URU"]
[SourceTitle "EXT 2024"]
[Source "ChessBase"]
[SourceDate "2023.10.10"]
[SourceVersion "1"]
[SourceVersionDate "2023.10.10"]
[SourceQuality "1"]

1. b3 d5 2. Bb2 Bg4 3. d3 e6 4. Nd2 Nd7 5. Ngf3 Ngf6 6. h3 Bh5 7. g3 c6 8. Bg2 Qb6 9. 0-0 Bd6 10. d4 Qc7 11. c4 Bg6 12. Rc1 h5 13. cxd5 exd5 14. a3 0-0 15. b4 a6 16. Nb3 Ne4 17. Nfd2 f5 18. Nxe4 fxe4 19. Qd2 Nf6 20. Nc5 Rae8 21. Rc3 Nh7 22. h4 Bf5 23. a4 Rf6 24. b5 axb5 25. axb5 Qe7 26. bxc6 bxc6 27. Qc1 Rg6 28. Nb3 Bd7 29. Na5 Nf6 30. Nxc6 Bxc6 31. Rxc6 e3 32. Qxe3 Qxe3 33. fxe3 Bxg3 34. Bxd5+ Kh7 35. Bf7 Rg4 36. Bxe8 Be1+ 37. Kh2 Bg3+ 38. Kg2 Bxh4+ 39. Kf3 Nxe8 40. d5 Rg3+ 41. Ke4 Bg5 42. Rf3 Rg4+ 43. Kd3 Rb4 44. Bc3 Rb7 45. Rf5 1-0

[Event "Montevideo Trebejos Grand Prix"]
[Site "Montevideo"]
[Date "2020.01.31"]
[Round "4"]
[White "Lopez Falcon, Jorge"]
[Black "Sardi, Anibal"]
[Result "1-0"]
[WhiteElo "2119"]
[BlackElo "1633"]
[PlyCount "45"]
[EventDate "2020.01.20"]
[EventType "swiss"]
[EventRounds "5"]
[EventCountry "URU"]
[SourceTitle "CBM 195 Extra"]
[Source "ChessBase"]
[SourceDate "2020.05.31"]
[SourceVersion "1"]
[SourceVersionDate "2020.05.31"]
[SourceQuality "1"]

1. d4 e6 2. Nf3 c5 3. c4 cxd4 4. Nxd4 a6 5. Nc3 Qc7 6. g3 Nf6 7. Bg2 Nc6 8. 0-0 b6 9. Bf4 Qb7 10. Qa4 Nxd4 11. Bxb7 Bxb7 12. Be5 Nc6 13. Bc7 h5 14. Bxb6 Bd6 15. Rad1 Bb8 16. f3 h4 17. g4 h3 18. Bf2 Ne5 19. c5 Bc6 20. Qd4 Bxf3 21. Bg3 Nc6 22. Qd3 Bxg4 23. Rxf6 1-0

[Event "Montevideo Glausura op"]
[Site "Montevideo"]
[Date "2019.11.18"]
[Round "5"]
[White "Kiel, Horacio"]
[Black "Sardi, Anibal"]
[Result "0-1"]
[WhiteElo "1608"]
[BlackElo "1567"]
[PlyCount "46"]
[EventDate "2019.11.04"]
[EventType "swiss"]
[EventRounds "6"]
[EventCountry "URU"]
[SourceTitle "CBM 193 Extra"]
[Source "ChessBase"]
[SourceDate "2020.01.31"]
[SourceVersion "1"]
[SourceVersionDate "2020.01.31"]
[SourceQuality "1"]

1. d4 e6 2. Nf3 c5 3. d5 exd5 4. Qxd5 Nf6 5. Qe5+ Be7 6. Bg5 Nc6 7. Qc3 Qb6 8. Qb3 Qc7 9. Nbd2 d5 10. c3 Bf5 11. Nh4 Be6 12. Qc2 Qd7 13. e3 h6 14. Bxf6 Bxf6 15. Nhf3 a6 16. Qa4 0-0 17. Be2 b5 18. Qd1 Rad8 19. Nb3 Qe7 20. Qd2 Rfe8 21. 0-0 d4 22. cxd4 Bxb3 23. axb3 cxd4 0-1

[Event "Montevideo Glausura op"]
[Site "Montevideo"]
[Date "2019.11.08"]
[Round "2"]
[White "Sardi, Anibal"]
[Black "Saralegui Cassan, Mario"]
[Result "0-1"]
[WhiteElo "1567"]
[BlackElo "1986"]
[PlyCount "66"]
[EventDate "2019.11.04"]
[EventType "swiss"]
[EventRounds "6"]
[EventCountry "URU"]
[SourceTitle "CBM 193 Extra"]
[Source "ChessBase"]
[SourceDate "2020.01.31"]
[SourceVersion "1"]
[SourceVersionDate "2020.01.31"]
[SourceQuality "1"]

1. e4 e5 2. Nc3 Nf6 3. Bc4 Nc6 4. d3 Be7 5. Be3 Na5 6. Bb3 Nxb3 7. axb3 d6 8. h3 a6 9. Nge2 d5 10. exd5 Nxd5 11. Qd2 0-0 12. g4 Be6 13. Ne4 Bb4 14. c3 Nxe3 15. Qxe3 Be7 16. Nd2 Qd5 17. 0-0-0 Rad8 18. Kc2 b5 19. Nc1 Rfe8 20. Rhe1 f6 21. g5 fxg5 22. Qg3 Bf6 23. Ne4 Bf5 24. f3 Qf7 25. Rg1 Bxe4 26. fxe4 h6 27. Rdf1 Qe6 28. Rf5 c5 29. h4 c4 30. Rgf1 gxh4 31. Qf3 Bg5 32. bxc4 bxc4 33. d4 exd4 0-1

[Event "Montevideo Trebejos Primavera op"]
[Site "Montevideo"]
[Date "2019.09.27"]
[Round "6"]
[White "Sardi, Anibal"]
[Black "Moreno, Diego"]
[Result "1/2-1/2"]
[WhiteElo "1567"]
[BlackElo "1478"]
[PlyCount "34"]
[EventDate "2019.09.09"]
[EventType "swiss"]
[EventRounds "6"]
[EventCountry "URU"]
[SourceTitle "CBM 195 Extra"]
[Source "ChessBase"]
[SourceDate "2020.05.31"]
[SourceVersion "1"]
[SourceVersionDate "2020.05.31"]
[SourceQuality "1"]

1. c4 e5 2. Nc3 d6 3. g3 Nc6 4. Bg2 Bd7 5. d3 Nge7 6. Nf3 g6 7. 0-0 Bg7 8. Rb1 0-0 9. b4 a6 10. a3 f5 11. Nd2 f4 12. Nd5 Nxd5 13. Bxd5+ Kh8 14. Bb2 fxg3 15. fxg3 Rxf1+ 16. Qxf1 Qf6 17. Qxf6 Bxf6 1/2-1/2

[Event "Montevideo Trebejos Primavera op"]
[Site "Montevideo"]
[Date "2019.09.20"]
[Round "4"]
[White "Ramos Correa, Gabriel"]
[Black "Sardi, Anibal"]
[Result "1-0"]
[WhiteElo "1889"]
[BlackElo "1567"]
[PlyCount "95"]
[EventDate "2019.09.09"]
[EventType "swiss"]
[EventRounds "6"]
[EventCountry "URU"]
[SourceTitle "CBM 195 Extra"]
[Source "ChessBase"]
[SourceDate "2020.05.31"]
[SourceVersion "1"]
[SourceVersionDate "2020.05.31"]
[SourceQuality "1"]

1. d4 Nf6 2. c4 e6 3. Nf3 c5 4. d5 exd5 5. cxd5 d6 6. Nc3 g6 7. e4 Bg7 8. h3 0-0 9. Bd3 a6 10. a4 Qc7 11. 0-0 c4 12. Be2 Nbd7 13. Bf4 Re8 14. Nd2 Nc5 15. Qc2 Nb3 16. Nxb3 cxb3 17. Qd3 Nd7 18. Rfc1 Nc5 19. Qg3 Bxc3 20. Qxc3 Rxe4 21. Bh6 f5 22. Qf6 Qe7 23. Qxe7 Rxe7 24. Bc4 Bd7 25. a5 Rae8 26. Bf4 Ne4 27. Bxb3 g5 28. Be3 f4 29. Bd4 f3 30. Be3 fxg2 31. Kxg2 h6 32. Bd1 Nf6 33. Bb3 Bf5 34. Rd1 Be4+ 35. Kh2 Bf3 36. Rd3 Be4 37. Rd2 Kh7 38. Re1 Nd7 39. Bd4 Bg6 40. Rxe7+ Rxe7 41. Be3 Ne5 42. Rd1 Nf3+ 43. Kg3 Be4 44. Rc1 Kg7 45. Bb6 Kf6 46. Bd8 Nd4 47. Bxe7+ Kxe7 48. Bd1 1-0

[Event "Montevideo Trebejos Primavera op"]
[Site "Montevideo"]
[Date "2019.09.13"]
[Round "2"]
[White "Sardi, Anibal"]
[Black "Kulik, Martin"]
[Result "1-0"]
[WhiteElo "1567"]
[BlackElo "1230"]
[PlyCount "29"]
[EventDate "2019.09.09"]
[EventType "swiss"]
[EventRounds "6"]
[EventCountry "URU"]
[SourceTitle "CBM 195 Extra"]
[Source "ChessBase"]
[SourceDate "2020.05.31"]
[SourceVersion "1"]
[SourceVersionDate "2020.05.31"]
[SourceQuality "1"]

1. e4 e6 2. Nf3 d5 3. e5 Nc6 4. d4 f6 5. Nh4 Nxd4 6. Qxd4 fxe5 7. Qg4 Nf6 8. Qg5 Be7 9. Bb5+ Nd7 10. Qh5+ g6 11. Nxg6 Rg8 12. Nh8+ Rg6 13. Nxg6 hxg6 14. Qxg6+ Kf8 15. Bh6# 1-0

[Event "Montevideo Trebejos op 06"]
[Site "Montevideo"]
[Date "2019.06.26"]
[Round "3"]
[White "Sardi, Anibal"]
[Black "Gomez Troccoli, Martin"]
[Result "0-1"]
[WhiteElo "1590"]
[BlackElo "1958"]
[PlyCount "46"]
[EventDate "2019.06.19"]
[EventType "swiss"]
[EventRounds "7"]
[EventCountry "URU"]
[SourceTitle "EXT 2020"]
[Source "ChessBase"]
[SourceDate "2019.10.17"]
[SourceVersion "1"]
[SourceVersionDate "2019.10.17"]
[SourceQuality "1"]

1. e4 e6 2. d4 d5 3. Nc3 Bb4 4. e5 Qd7 5. Qg4 f5 6. Qg3 b6 7. a4 Ba6 8. Bb5 c6 9. Bxa6 Nxa6 10. Nh3 c5 11. 0-0 cxd4 12. Nb5 Bc5 13. Bf4 h6 14. Nd6+ Kf8 15. Qg6 Bxd6 16. exd6 Qf7 17. Qg3 Nb4 18. d7 Nc6 19. Bd6+ Nge7 20. Bb8 g5 21. Rae1 f4 22. Nxg5 hxg5 23. Qxg5 Rxb8 0-1

[Event "Montevideo Autumn op 2nd"]
[Site "Montevideo"]
[Date "2019.05.10"]
[Round "4"]
[White "Sardi, Anibal"]
[Black "Olivera, Omar"]
[Result "1-0"]
[WhiteElo "1606"]
[BlackElo "1241"]
[PlyCount "35"]
[EventDate "2019.05.03"]
[EventType "swiss"]
[EventRounds "7"]
[EventCountry "URU"]
[SourceTitle "CBM 190 Extra"]
[Source "ChessBase"]
[SourceDate "2019.07.15"]
[SourceVersion "1"]
[SourceVersionDate "2019.07.15"]
[SourceQuality "1"]

1. e4 e6 2. d4 d5 3. Nc3 Nf6 4. Bg5 Be7 5. e5 Ne4 6. Bxe7 Qxe7 7. Nxe4 dxe4 8. c3 0-0 9. Ne2 f5 10. h4 b6 11. Nf4 Bb7 12. Bc4 Bc8 13. d5 Rd8 14. Qb3 Kh8 15. h5 Qf7 16. dxe6 Qe8 17. e7 Qxe7 18. Ng6+ 1-0